[Event "Erandio op 27th"]
[Site "Erandio"]
[Date "2018.12.20"]
[Round "6"]
[White "Segura del Frago, Imanol"]
[Black "Hernandez Garcia, Maximo"]
[Result "1-0"]
[WhiteElo "2023"]
[BlackElo "2003"]
[PlyCount "169"]
[EventDate "2018.12.15"]
[EventType "swiss"]
[EventRounds "8"]
[EventCountry "ESP"]
[SourceTitle "EXT 2020"]
[Source "ChessBase"]
[SourceDate "2019.10.17"]
[SourceVersion "1"]
[SourceVersionDate "2019.10.17"]
[SourceQuality "1"]

1. e4 e5 2. Nf3 Nc6 3. Nc3 Nf6 4. Bb5 Bb4 5. 0-0 0-0 6. d3 Bxc3 7. bxc3 d5 8. exd5 Qxd5 9. c4 Qd6 10. Bxc6 bxc6 11. Bb2 Re8 12. Re1 Bg4 13. h3 Bh5 14. g4 Nxg4 15. hxg4 Bxg4 16. Re3 Qg6 17. Nh4 Qh5 18. f3 Bh3 19. Qe1 f6 20. Qg3 Bd7 21. Rae1 c5 22. R1e2 Rab8 23. Bc3 Rb1+ 24. Re1 Reb8 25. Ng2 R1b6 26. f4 f5 27. Bxe5 Rg6 28. Qh3 Qxh3 29. Rxh3 Bc6 30. Rh2 Re8 31. Kf2 Bd7 32. Bxc7 Ra6 33. Ra1 Ree6 34. Ne3 g6 35. Nd5 Ra3 36. Rhh1 Ba4 37. Rhc1 Ra6 38. Be5 Bc6 39. Nc3 Kf7 40. Rab1 Ke6 41. Rg1 Ba4 42. Rb2 Be8 43. Rb7 Bd7 44. Bh8 Kd6 45. Re1 Kc6 46. Rb8 Rb6 47. Rxb6+ axb6 48. Re7 h5 49. Ke3 Ra8 50. Bf6 Kd6 51. Bg5 Ra3 52. Kd2 Ra8 53. Rg7 Be8 54. Kc1 Ke6 55. Rb7 Bc6 56. Rxb6 Kd7 57. Kb1 Re8 58. Nd5 Re1+ 59. Kb2 Rh1 60. Rb8 Ke6 61. Rh8 Rh2 62. Kb3 Rh1 63. Kb2 Rh2 64. Nc3 Bg2 65. a4 Bf1 66. Kb3 Bg2 67. a5 Rh1 68. Kb2 Kd6 69. a6 Kc7 70. a7 Kb6 71. a8Q Bxa8 72. Rxa8 h4 73. Rg8 h3 74. Rxg6+ Kc7 75. Rh6 Kd7 76. Nd5 h2 77. Ne3 Re1 78. Rxh2 Rxe3 79. Rh6 Re8 80. Rf6 Rb8+ 81. Kc3 Ra8 82. Rxf5 Kc6 83. Be7 Ra3+ 84. Kd2 Ra5 85. Rxc5+ 1-0

[Event "Bizkaia-ch"]
[Site "Bilbao"]
[Date "2018.11.24"]
[Round "6"]
[White "Prieto Aranguren, Alain"]
[Black "Hernandez Garcia, Maximo"]
[Result "0-1"]
[WhiteElo "2281"]
[BlackElo "1977"]
[PlyCount "72"]
[EventDate "2018.10.20"]
[EventType "swiss"]
[EventRounds "6"]
[EventCountry "ESP"]
[SourceTitle "CBM 187 Extra"]
[Source "ChessBase"]
[SourceDate "2018.11.04"]
[SourceVersion "1"]
[SourceVersionDate "2018.11.04"]
[SourceQuality "1"]

1. d4 Nf6 2. Nf3 g6 3. c4 Bg7 4. Nc3 0-0 5. e4 d6 6. Be2 e5 7. d5 a5 8. Bg5 Na6 9. Nd2 c5 10. Qb3 Bd7 11. a4 Nb4 12. Nb5 Qe7 13. 0-0-0 h6 14. Bh4 Rfc8 15. f3 Qf8 16. g4 Ne8 17. Bf2 f5 18. gxf5 gxf5 19. Rdf1 Qf6 20. Rhg1 f4 21. Be1 Kh7 22. Rf2 Bf8 23. Bf1 Nc7 24. Rfg2 Nxb5 25. cxb5 Bh3 26. Rg6 Qxg6 27. Rxg6 Bxf1 28. Rg1 c4 29. Qa3 Bd3 30. Kd1 Be7 31. Bf2 Rg8 32. Qc3 Rxg1+ 33. Bxg1 Rg8 34. Bb6 Rg2 35. Nxc4 Be2+ 36. Kc1 Na2+ 0-1

[Event "Bizkaia-ch"]
[Site "Bilbao"]
[Date "2018.10.27"]
[Round "2"]
[White "Hernandez Garcia, Maximo"]
[Black "Perez Fernandez, Modesto C"]
[Result "1/2-1/2"]
[WhiteElo "1977"]
[BlackElo "2134"]
[PlyCount "119"]
[EventDate "2018.10.20"]
[EventType "swiss"]
[EventRounds "6"]
[EventCountry "ESP"]
[SourceTitle "CBM 187 Extra"]
[Source "ChessBase"]
[SourceDate "2018.11.04"]
[SourceVersion "1"]
[SourceVersionDate "2018.11.04"]
[SourceQuality "1"]

1. e4 c5 2. Nf3 e6 3. d4 cxd4 4. Nxd4 Nc6 5. Nc3 Qc7 6. Ndb5 Qb8 7. Be3 Nf6 8. f3 Be7 9. Qd2 a6 10. Nd4 b5 11. Be2 Qc7 12. 0-0-0 Bb7 13. g4 Nxd4 14. Qxd4 Rc8 15. g5 e5 16. Qd2 Nh5 17. Bd3 Bb4 18. Bf1 Bxc3 19. bxc3 0-0 20. Bh3 Qxc3 21. Qxc3 Rxc3 22. Bd2 Rc4 23. Bxd7 Bc8 24. Bg4 Bxg4 25. fxg4 Nf4 26. Bxf4 exf4 27. Rhe1 g6 28. Rd5 Re8 29. e5 f3 30. h3 f2 31. Rf1 Rf4 32. Kd1 Kg7 33. Kd2 Rf3 34. Ke2 Rxh3 35. Rxf2 Re7 36. Rf3 Rh4 37. Rf4 Rc7 38. Rd2 Rh1 39. Rf6 Rg1 40. Rf4 Rc1 41. Kd3 Re1 42. Re4 Rc3+ 43. Kxc3 Rxe4 44. Rd6 Rxe5 45. Rxa6 Rxg5 46. Kb4 h5 47. gxh5 gxh5 48. Ra3 Kg6 49. Rf3 f6 50. c4 bxc4 51. a4 Rg1 52. a5 Rb1+ 53. Kxc4 Kg5 54. Ra3 Rb8 55. a6 f5 56. Kd4 Kg4 57. Ke3 f4+ 58. Kf2 Rb2+ 59. Kf1 Rb1+ 60. Kf2 1/2-1/2

[Event "Bizkaia-ch"]
[Site "Bilbao"]
[Date "2018.10.20"]
[Round "1"]
[White "Hernandez Garcia, Maximo"]
[Black "Mendez Nunez, Jose Antonio"]
[Result "1-0"]
[WhiteElo "1977"]
[BlackElo "1731"]
[PlyCount "63"]
[EventDate "2018.10.20"]
[EventType "swiss"]
[EventRounds "6"]
[EventCountry "ESP"]
[SourceTitle "CBM 187 Extra"]
[Source "ChessBase"]
[SourceDate "2018.11.04"]
[SourceVersion "1"]
[SourceVersionDate "2018.11.04"]
[SourceQuality "1"]

1. e4 c5 2. Nf3 Nc6 3. d4 cxd4 4. Nxd4 a6 5. Nc3 d6 6. Be3 Bd7 7. Qd2 Nf6 8. Be2 Ng4 9. Bxg4 Bxg4 10. f3 Bd7 11. 0-0 Ne5 12. b3 e6 13. Rad1 Be7 14. h3 0-0 15. f4 Nc6 16. Nf3 b5 17. Nh2 Rc8 18. Ng4 f5 19. exf5 Rxf5 20. Ne4 Rd5 21. Qf2 Nb4 22. a3 Rxd1 23. Rxd1 Nd5 24. Bd4 Rc6 25. Qg3 Qf8 26. Rf1 g6 27. h4 Qd8 28. Nh6+ Kf8 29. f5 exf5 30. h5 Bh4 31. Qg4 Ke8 32. hxg6 1-0

[Event "Euskadi-chT (Vasca) Div 1st"]
[Site "Bergara"]
[Date "2016.??.??"]
[Round "9.3"]
[White "Corral Sierra, Javier"]
[Black "Hernandez Garcia, Maximo"]
[Result "1-0"]
[WhiteElo "2035"]
[BlackElo "2025"]
[PlyCount "79"]
[EventDate "2016.01.09"]
[EventType "team-tourn"]
[EventRounds "9"]
[EventCountry "ESP"]
[SourceTitle "EXT 2024"]
[Source "ChessBase"]
[SourceDate "2023.10.10"]
[SourceVersion "1"]
[SourceVersionDate "2023.10.10"]
[SourceQuality "1"]

1. d4 Nf6 2. c4 g6 3. Nc3 Bg7 4. e4 d6 5. Nf3 0-0 6. Be2 Nc6 7. d5 Nb8 8. 0-0 a5 9. Nd4 e5 10. Ndb5 Na6 11. Be3 Ne8 12. Na4 f5 13. f3 f4 14. Bf2 b6 15. a3 Rf7 16. Rb1 Bf8 17. b4 axb4 18. axb4 g5 19. c5 bxc5 20. bxc5 h5 21. cxd6 cxd6 22. Nb6 Rb8 23. Nxc8 Rxc8 24. Na7 Nc5 25. Nxc8 Qxc8 26. Rb4 Nf6 27. Qb1 g4 28. Rb8 Qc7 29. Qb6 gxf3 30. Qxc7 Rxc7 31. gxf3 Ncd7 32. Ra8 Rc2 33. Bb5 Nc5 34. Bh4 Nfd7 35. Rd8 Nf6 36. Bxf6 Kf7 37. Bh4 Nb3 38. Be8+ Kg7 39. Bxh5 Rb2 40. Rb8 1-0

[Event "Erandio op"]
[Site "Erandio"]
[Date "2005.12.21"]
[Round "7"]
[White "Uria Ramirez, Aitor"]
[Black "Hernandez Garcia, Maximo"]
[Result "1-0"]
[WhiteElo "2159"]
[BlackElo "2046"]
[PlyCount "81"]
[EventDate "2005.12.16"]
[EventType "swiss"]
[EventRounds "9"]
[EventCountry "ESP"]
[SourceTitle "CBM 109 Extra"]
[Source "ChessBase"]
[SourceDate "2006.01.03"]
[SourceVersion "2"]
[SourceVersionDate "2006.01.03"]
[SourceQuality "1"]

1. d4 Nf6 2. Bg5 d6 3. Bxf6 exf6 4. e3 Nd7 5. Bd3 c5 6. c3 Nb6 7. Nd2 Qc7 8. Ne2 c4 9. Nxc4 Nxc4 10. Qa4+ Bd7 11. Qxc4 Qb6 12. Qb3 Qc7 13. Nf4 Qc6 14. Bc4 0-0-0 15. Bxf7 Kb8 16. a4 g5 17. Bd5 Qc8 18. Nd3 Re8 19. Nb4 h5 20. g3 g4 21. a5 h4 22. a6 b6 23. Bb7 Qd8 24. Bc6 f5 25. Bxd7 Qxd7 26. Qd5 hxg3 27. hxg3 Rxh1+ 28. Qxh1 Re4 29. Qh8 Re8 30. Qg8 Bh6 31. Qd5 Rc8 32. Ke2 Rc7 33. Rh1 Bf8 34. Rh8 Rc8 35. Kd3 Qg7 36. Nc6+ Kc7 37. Rg8 Qh7 38. Ke2 f4 39. Nb4 f3+ 40. Kd2 Kd7 41. Rxf8 1-0

[Event "Erandio op"]
[Site "Erandio"]
[Date "2005.12.20"]
[Round "6"]
[White "Hernandez Garcia, Maximo"]
[Black "Ibarretxe Campo, Lander"]
[Result "1/2-1/2"]
[WhiteElo "2046"]
[BlackElo "2116"]
[PlyCount "99"]
[EventDate "2005.12.16"]
[EventType "swiss"]
[EventRounds "9"]
[EventCountry "ESP"]
[SourceTitle "CBM 109 Extra"]
[Source "ChessBase"]
[SourceDate "2006.01.03"]
[SourceVersion "2"]
[SourceVersionDate "2006.01.03"]
[SourceQuality "1"]

1. e4 c5 2. Nf3 e6 3. d4 cxd4 4. Nxd4 Nf6 5. Nc3 Nc6 6. Be3 Bb4 7. f3 d5 8. Bb5 Bd7 9. Bxc6 Bxc6 10. e5 Nd7 11. f4 Qh4+ 12. g3 Qh3 13. Qe2 Nb6 14. Ndb5 0-0 15. Bxb6 d4 16. Bxd4 Bxh1 17. 0-0-0 Bc6 18. Ne4 a6 19. Nbd6 Bxd6 20. exd6 Qf5 21. Nc3 Rfd8 22. Bb6 Rd7 23. Rd4 h5 24. a4 Re8 25. Qe5 Qxe5 26. fxe5 f6 27. Rh4 g6 28. Bc7 fxe5 29. g4 hxg4 30. Rxg4 Kg7 31. b4 Rf8 32. b5 Bf3 33. bxa6 bxa6 34. Rb4 Rf4 35. Rb6 e4 36. Kd2 Rh4 37. Ke3 Rxh2 38. Nxe4 Bxe4 39. Kxe4 Rxc2 40. Rxa6 g5 41. a5 g4 42. Rb6 g3 43. Rb3 g2 44. Rg3+ Kh6 45. Ke5 Re2+ 46. Kf6 Kh5 47. a6 Kh4 48. Rg8 Kh3 49. a7 Ra2 50. a8Q 1/2-1/2